Biblioteca

Iniciativas para la realización de los derechos humanos en la Iglesia (Registro nro. 69731)

Detalles MARC
000 -LÍDER
Campo fijo de descripción fija 01480nab a2200253 i 4500
001 - NÚMERO DE CONTROL
Campo de control 768714001
003 - IDENTIFICADOR DEL NÚMERO DE CONTROL
Campo de control CO-MdFUSB
005 - FECHA Y HORA DE LA ULTIMA TRANSACCIÓN
control field 20240516085523.0
008 - ELEMENTOS DE LONGITUD FIJA -- INFORMACIÓN GENERAL
Campo fijo de descripción fija -- Información general 240516t1971 sp ||||| |||| 00| 0 spa d
040 ## - FUENTE DE CATALOGACIÓN
Idioma de catalogación spa
Agencia que realiza la transcripción CO-MdFUSB
Agencia que realiza la modificación CO-MdFUSB
041 ## - CÓDIGO DE IDIOMA
Código de idioma para texto/pista de sonido o título separado spa
100 ## - ASIENTO PRINCIPAL--NOMBRE PERSONAL
Nombre personal Raske, Michael,
Fechas asociadas con el nombre 1936-
Término relacionador autor
245 ## - TÍTULO
Título Iniciativas para la realización de los derechos humanos en la Iglesia
Mención de responsabilidad / Michael Raske, Ludwig Rütti, Klaus Shäfer ; traducido por Jesús Rey
520 ## - NOTA DE RESUMEN, ETC.
Nota de sumario, etc. En casi todas las diócesis de habla alemana, así como en Austria y Suiza, se crearon grupos de sacerdotes. Este fenómeno también se produjo en Bélgica, Italia, Francia, Países Bajos, Portugal, España, América Latina y Estados Unidos.A pesar de haber nacido en circunstancias diferentes y con motivaciones únicas, estos grupos persistieron en sus colaboraciones nacionales e internacionales. En los países de habla alemana se puede utilizar el lema "Los derechos humanos en la Iglesia" para resumir la trayectoria.
650 #7 - ASIENTO SECUNDARIO DE MATERIA - TERMINO TEMÁTICO
Término temático o nombre geográfico como elemento de entrada Iglesia
9 (RLIN) 655
650 #7 - ASIENTO SECUNDARIO DE MATERIA - TERMINO TEMÁTICO
Término temático o nombre geográfico como elemento de entrada Teología dogmática
9 (RLIN) 6937
653 ## - TÉRMINO DE INDIZACIÓN - NO CONTROLADO
Término no controlado Cuestiones fronterizas
700 ## - ENTR. SECUNDARIA - Nombre Personal (R)
Nombre de persona Shäfer, Klaus,
Término indicativo de función autor
700 ## - ENTR. SECUNDARIA - Nombre Personal (R)
Nombre de persona Rütti, Ludwig,
Fechas 1936-
Término indicativo de función autor
700 ## - ENTR. SECUNDARIA - Nombre Personal (R)
Nombre de persona Rey, Jesús,
Término indicativo de función traductor
773 0# - ASIENTO DE ITEM FUENTE
Biblionumber 49450
Itemnumber 82633
Otro identificador del ítem R2556
Título Revista internacional de teología Concilium
Número de control del registro (CO-MdFUSB)8
Número Internacional Normalizado para Publicaciones Seriadas (ISSN) 0210-1041
Parte(s) relacionada(s) / Volumen., número. (mes año), páginas Número 66, (junio, 1971), páginas: 428 - 434
Enumeración y primera página página: 428
942 ## - TIPO DE MATERIAL (KOHA)
Tipo de Item KOHA Artículos de Revista
945 ## - INFORMACIÓN LOCAL DEL REGISTRO
Catalogador Catherine Arias Alvarez - Practicante SENA

No hay ítems disponibles.

Biblioteca FUSBC | Teléfono: (57+4) 349 88 10 Ext. 141| WhatsApp (+57) 3005338115 
E-mail: biblioteca@unisbc.edu.co | Calle 76 87-14 Robledo Palenque, Medellín, Colombia

Con tecnología Koha